[Event "Sportaccord WMG Blitz"]
[Site "Beijing CHN"]
[Date "2011.12.13"]
[Round "9"]
[Board "5"]
[White "Almasi, Zoltan"]
[Black "Karjakin, Sergey"]
[Result "1-0"]
[WhiteTitle "GM"]
[BlackTitle "GM"]
[WhiteElo "2707"]
[BlackElo "2763"]
[WhiteFideId "702293"]
[BlackFideId "14109603"]
[EventDate "2011.12.12"]

1. e4 g6 2. d4 Bg7 3. Nc3 c6 4. Nf3 d6 5. h3 Nf6 6. Be3 Qc7 7. Qd2 e5 8. dxe5
dxe5 9. Bc5 Bf8 10. Bxf8 Kxf8 11. Qh6+ Ke7 12. Bc4 Nbd7 13. Qg7 Rf8 14. Ng5 Nh5
15. Qh6 Ndf6 16. Nf3 b5 17. Bb3 a5 18. a3 Bb7 19. Qg5 b4 20. Na4 c5 21. Qxe5+ 1-0

[Event "Sportaccord WMG Blitz"]
[Site "Beijing CHN"]
[Date "2011.12.13"]
[Round "11"]
[Board "8"]
[White "Gashimov, Vugar"]
[Black "Nielsen, Peter Heine"]
[Result "0-1"]
[WhiteTitle "GM"]
[BlackTitle "GM"]
[WhiteElo "2757"]
[BlackElo "2693"]
[WhiteFideId "13400630"]
[BlackFideId "1400355"]
[EventDate "2011.12.12"]

1. e4 e5 2. Nf3 Nc6 3. Bb5 Nf6 4. Qe2 Bc5 5. c3 O-O 6. d3 d6 7. h3 a6 8. Ba4 Ba7
9. Nbd2 Ne7 10. Nf1 Ng6 11. g3 d5 12. h4 h6 13. h5 dxe4 14. dxe4 Ng4 15. Ne3 Ne7
16. Nxg4 Bxg4 17. Rh4 Qc8 18. Be3 Bxe3 19. Qxe3 Bxf3 20. Qxf3 c5 21. Kf1 Qe6 22.
Kg2 Rad8 23. Qe3 c4 24. Rhh1 f5 25. exf5 Nxf5 26. Qe2 Rd3 27. Rae1 Nxg3 28. Qxe5
Qxe5 29. Rxe5 Nxh1 30. Kxh1 Rxf2 31. Re8+ Kf7 32. Re1 Rdd2 33. Be8+ Kf6 34. Bg6
Rxb2 35. a4 Rh2+ 36. Kg1 Rbg2+ 37. Kf1 Rh1+ 38. Kxg2 Rxe1 39. Kf3 Rc1 40. Ke4
Rxc3 41. Kd4 Ra3 42. Be8 c3 43. Kd3 g5 44. hxg6 h5 45. g7 Kxg7 0-1

[Event "Sportaccord WMG Blitz"]
[Site "Beijing CHN"]
[Date "2011.12.13"]
[Round "13"]
[Board "3"]
[White "Almasi, Zoltan"]
[Black "Giri, Anish"]
[Result "1-0"]
[WhiteTitle "GM"]
[BlackTitle "GM"]
[WhiteElo "2707"]
[BlackElo "2714"]
[WhiteFideId "702293"]
[BlackFideId "24116068"]
[EventDate "2011.12.12"]

1. e4 c5 2. Nf3 e6 3. d4 cxd4 4. Nxd4 a6 5. Bd3 Nf6 6. O-O e5 7. Bg5 h6 8. Bxf6
Qxf6 9. Ne2 Bc5 10. Nbc3 d6 11. Nd5 Qd8 12. c3 O-O 13. Ng3 Be6 14. Bc2 Nd7 15.
Bb3 g6 16. Qd2 Kg7 17. Rad1 h5 18. Ne2 h4 19. h3 f5 20. exf5 gxf5 21. Ne3 Qf6
22. Kh1 f4 23. Nd5 Qf7 24. Ng1 Rg8 25. Nc7 Bxb3 26. axb3 Rac8 27. Nd5 Kh8 28.
Nf3 e4 29. Nxh4 Rcf8 30. b4 Ba7 31. c4 Ne5 32. c5 dxc5 33. Qc3 Bb8 34. bxc5 Qh5
35. g3 Kh7 36. Nxf4 Rxf4 37. gxf4 Nd3 38. Qxd3 Kh6 39. Nf5+ Kh7 40. Ne7 Kh8 41.
Nxg8 Kxg8 42. Rg1+ 1-0

[Event "Sportaccord WMG Blitz"]
[Site "Beijing CHN"]
[Date "2011.12.13"]
[Round "13"]
[Board "7"]
[White "Gashimov, Vugar"]
[Black "Karjakin, Sergey"]
[Result "1/2-1/2"]
[WhiteTitle "GM"]
[BlackTitle "GM"]
[WhiteElo "2757"]
[BlackElo "2763"]
[WhiteFideId "13400630"]
[BlackFideId "14109603"]
[EventDate "2011.12.12"]

1. e4 e5 2. Nf3 Nc6 3. Bb5 Nf6 4. O-O Nxe4 5. Re1 Nd6 6. Nxe5 Be7 7. Bf1 Nf5 8.
Nxc6 dxc6 9. d3 O-O 10. Nc3 Be6 11. Bf4 Bd6 12. Bxd6 cxd6 13. Qd2 Qb6 14. Na4
Qa6 15. Nc3 Qb6 16. Na4 Qa6 17. Nc3 Qb6 1/2-1/2